Marshals of the Soviet Union - Statistics

General Stats
  • This quiz has been taken 205 times
  • The average score is 11 of 41
Answer Stats
Date of Promotion Marshal % Correct
January 1943 Georgy Zhukov
94%
March 1943 Joseph Stalin
65%
February 1944 Ivan Konev
60%
June 1944 Konstantin Rokossovsky
60%
November 1935 Kliment Voroshilov
53%
November 1935 Mikhail Tukhachevsky
53%
May 1940 Semyon Timoshenko
51%
November 1935 Semyon Budyonny
44%
May 1976 Leonid Brezhnev
40%
March 1955 Vasily Chuikov
37%
February 1943 Aleksandr Vasilevsky
36%
April 1990 Dmitry Yazov
30%
July 1945 Lavrentiy Beria
29%
September 1944 Rodion Malinovsky
29%
March 1955 Ivan Bagramyan
28%
June 1944 Leonid Govorov
24%
November 1935 Vasily Blyukher
23%
March 1955 Andrei Grechko
22%
May 1940 Boris Shaposhnikov
22%
September 1944 Fyodor Tolbukhin
22%
May 1940 Grigory Kulik
22%
February 1978 Sergei Sokolov
22%
November 1935 Alexander Yegorov
21%
November 1947 Nikolai Bulganin
21%
July 1976 Dmitriy Ustinov
18%
October 1944 Kirill Meretskov
16%
July 1946 Vasily Sokolovsky
15%
January 1977 Nikolai Ogarkov
10%
March 1955 Andrei Yeremenko
9%
May 1961 Filipp Golikov
9%
April 1967 Ivan Yakubovsky
9%
March 1955 Kirill Moskalenko
9%
March 1983 Sergei Akhromeyev
9%
March 1983 Vasily Petrov
9%
May 1959 Matvei Zakharov
8%
April 1968 Pavel Batitsky
8%
January 1977 Viktor Kulikov
8%
May 1962 Nikolay Krylov
7%
April 1968 Pyotr Koshevoy
7%
March 1955 Sergey Biryuzov
7%
March 1983 Semyon Kurkotkin
5%
No matching quizzes found
Score Distribution
Percent of People with Each Score
Percentile by Number Answered
Your Score History
You have not taken this quiz